| 000 | 01052caa a22002771ib4500 | ||
|---|---|---|---|
| 003 | SA-RiAUC | ||
| 005 | 20250922134051.0 | ||
| 008 | 250921s2007 ir g 000 0 ara c | ||
| 040 |
_aSA-JeALM _bara _cSA-RiAUC. _erda |
||
| 050 | 1 | 4 | _bR3 2008 |
| 050 | 0 | 4 | _bR3 2008 |
| 082 | 0 | 4 |
_a258.6 _qSA-RiAUC |
| 090 |
_a258.6 _bس ب ح |
||
| 100 | 1 |
_aالسبحاني، جعفر، _d1929- _eمؤلف. |
|
| 245 | 1 | 0 |
_aرسائل فقهية / _cتأليف جعفر السبحاني. |
| 250 | _aالطبعة الاولى. | ||
| 264 |
_aطهران - ايران : _bمؤسسة الامام الصادق. _c2008 |
||
| 300 |
_aمجلد ؛ _c24 سم |
||
| 336 |
_aنص _btxt _2rdacontent _3كتاب |
||
| 337 |
_aبدون وسيط _bn _2rdamedia |
||
| 338 |
_aمجلد _bnc _2rdacarrier |
||
| 580 | _aفي: رسائل فقهية. -ط. 1. -قم، إيران : مؤسسة الإمام الصادق (ع)، [2007]. -مج. 1. | ||
| 650 | 7 |
_aفقه الشيعة _2aucsh |
|
| 942 |
_2ddc _cBOOK _n0 |
||
| 949 |
_aSA-JeALM _d250921 _uosman123 _n1 |
||
| 999 |
_c12021 _d12021 |
||